| 000 | 01144nam a2200325 i 4500 | ||
|---|---|---|---|
| 001 | 000012305 | ||
| 003 | DO-SdBNP | ||
| 005 | 20250127122211.0 | ||
| 007 | ta | ||
| 008 | 091111s2004 pr 000 j spa d | ||
| 020 | _a1932271112 | ||
| 040 |
_aDO-SdBNP _bspa _cBNPHU |
||
| 082 | 4 |
_aPR863.44 _bL696c, 2004 _222 |
|
| 100 | 1 |
_aLiboy Erba, José, _d1964- _eautor _4aut. _928967 |
|
| 245 | 1 | 0 |
_aCada vez te despides mejor / _cJosé Liboy Erba ; prólogo, Rafael Acevedo ; correción, Lucinda Ausente. |
| 250 | _aSegunda edición | ||
| 264 | 4 |
_aSan Juan, Puerto Rico : _bEditora Isla Negra, _c©2004. |
|
| 300 |
_a156 páginas ; _c22 cm. |
||
| 336 |
_atexto _btxt _2rdacontent |
||
| 337 |
_asin mediación _bn _2rdamedia |
||
| 338 |
_avolumen _bnc _2rdacarrier |
||
| 490 | 1 | _aEl rostro y la mascara | |
| 500 | _aIncluye datos biográficos del autor en la solapa de la cubierta | ||
| 590 | _aInventariado, 2025/BT | ||
| 650 | 4 |
_aCuentos puertorriqueños _9249 |
|
| 650 | 4 |
_aLiteratura puertorriqueña _9250 |
|
| 700 | 1 |
_aAcevedo, Rafael, _eprologuista _4pr. _928968 |
|
| 700 | 1 |
_aAusente, Lucinda, _ecorrector _4corr. _911862 |
|
| 942 |
_2ddc _cLBS1 |
||
| 999 |
_c11962 _d11962 |
||